Primenenija lazerov

Salvato in:
Dettagli Bibliografici
Natura: Libro
Lingua:russo
Pubblicazione: Moskva : Mir, 1974
Tags: Aggiungi Tag
Nessun Tag, puoi essere il primo ad aggiungerne!!

MARC

LEADER 00000nam a22000003a 4500
001 stu188690
005 20141121181628.9
008 090818s1974----xxr-----------------rus-d
040 |a STU  |b slo 
041 0 |a rus 
044 |a xxr 
080 |a 621.375.8 
245 |a Primenenija lazerov 
260 |a Moskva :  |b Mir,  |c 1974 
300 |a 443 s 
996 |b E34174  |c E*34174  |l EE07  |s P  |a 0  |w stu188690_0001 
996 |b E34237  |c E*34237  |l EE10  |s P  |a 0  |w stu188690_0002